00850nam a22002537a 4500003000400000005001700004008004100021020001800062040000900080100002300089245011900112246001700231260002800248300001100276490003900287490001900326500004600345650003100391700002400422700002800446942001300474999001500487952009400502OSt20130523183918.0130424s2011 sp ||||| |||| 00| 0 spa d a9788430952656 cCDMR1 93244aMilton, John10aAreopagíticacJohn Milton ; estudio preliminar de Marc Carrillo ; traducción, edición y notas de Joan Curbet aAeropagitica aMadridbTecnoscDL 2011 a237 p.0 aLos Clásicos del Pensamientov850 aTercer milenio aEdició bilíngüe castellà-anglès0491582aLlibertat d'impremta1 9335aCarrillo, Marc1 93488aCurbet, Joaneed. 2udccMON c6117d6117 00104070aCDMRbCDMRd2013-01-16l0oCg 5/37pCDMR13046244r2013-04-24w2013-04-24yMON